La razón de estar contigo / (Registro nro. 30467)
[ vista simple ]
| 000 -LEADER | |
|---|---|
| fixed length control field | 01535cam a2200385 i 4500 |
| 001 - CONTROL NUMBER | |
| control field | 30467 |
| 003 - CONTROL NUMBER IDENTIFIER | |
| control field | Mx-PuUPA |
| 005 - DATE AND TIME OF LATEST TRANSACTION | |
| control field | 20251007113049.0 |
| 008 - FIXED-LENGTH DATA ELEMENTS--GENERAL INFORMATION | |
| fixed length control field | 140415s2017 sp gr 000 f spa d |
| 020 ## - INTERNATIONAL STANDARD BOOK NUMBER | |
| International Standard Book Number | 9788416867349 |
| 040 ## - CATALOGING SOURCE | |
| Transcribing agency | Mx-PuUPA |
| Original cataloging agency | Mx-PuUPA |
| Language of cataloging | spa |
| Modifying agency | Mx-PuUPA |
| Description conventions | rda |
| 041 1# - LANGUAGE CODE | |
| Language code of text/sound track or separate title | spa |
| Language code of original | eng |
| 100 1# - MAIN ENTRY--PERSONAL NAME | |
| Personal name | Cameron, W. Bruce, |
| Dates associated with a name | 1960- |
| 9 (RLIN) | 17544 |
| Relator term | autor |
| 240 12 - UNIFORM TITLE | |
| Uniform title | A dog's purpose : A novel for humans. |
| Language of a work | Español |
| 245 13 - TITLE STATEMENT | |
| Title | La razón de estar contigo / |
| Statement of responsibility, etc. | W. Bruce Cameron ; traducido por Carol Isern |
| 250 ## - EDITION STATEMENT | |
| Edition statement | Primera edición / |
| Remainder of edition statement | enero |
| 264 #1 - PRODUCTION, PUBLICATION, DISTRIBUTION, MANUFACTURE, AND COPYRIGHT NOTICE | |
| Place of production, publication, distribution, manufacture | Barcelona : |
| Name of producer, publisher, distributor, manufacturer | Roca Editorial de Libros, |
| Date of production, publication, distribution, manufacture, or copyright notice | ©2011 |
| 300 ## - PHYSICAL DESCRIPTION | |
| Extent | 318 páginas ; |
| Dimensions | 23 cm |
| 336 ## - CONTENT TYPE | |
| Fuente | rdacontent |
| Content type term | texto |
| Content type code | txt |
| 337 ## - MEDIA TYPE | |
| Source | rdamedia |
| Media type term | sin medio |
| Media type code | n |
| 338 ## - CARRIER TYPE | |
| Source | rdacarrier |
| Carrier type term | volumen |
| Carrier type code | nc |
| 500 ## - GENERAL NOTE | |
| General note | Reimpresiones: (Primera, febrero de 2017). |
| 500 ## - GENERAL NOTE | |
| General note | "El libro en el que se basa la película a Dog's purpose".-- Cubierta |
| 500 ## - GENERAL NOTE | |
| General note | "Más de un millón de ejemplares vendidos en Estados Unidos". -- Cubierta |
| 650 #7 - SUBJECT ADDED ENTRY--TOPICAL TERM | |
| Source of heading or term | armarc |
| Topical term or geographic name entry element | Perros |
| Form subdivision | Novela juvenil |
| 650 #7 - SUBJECT ADDED ENTRY--TOPICAL TERM | |
| Source of heading or term | armarc |
| Topical term or geographic name entry element | Perros mestizos |
| Form subdivision | Novela juvenil |
| 650 #7 - SUBJECT ADDED ENTRY--TOPICAL TERM | |
| Source of heading or term | armarc |
| Topical term or geographic name entry element | Relaciones hombre - animal |
| Form subdivision | Novela juvenil |
| 650 #7 - SUBJECT ADDED ENTRY--TOPICAL TERM | |
| Source of heading or term | armarc |
| Topical term or geographic name entry element | Novela estadounidense |
| 700 1# - ADDED ENTRY--PERSONAL NAME | |
| Personal name | Isern, Carol, |
| Relator term | traductor |
| 765 0# - ORIGINAL LANGUAGE ENTRY | |
| Main entry heading | Cameron, W. Bruce, 1960- |
| Title | A dog's purpose : A novel for humans. |
| 942 ## - ADDED ENTRY ELEMENTS (KOHA) | |
| Source of classification or shelving scheme | Dewey Decimal Classification |
| Koha item type | Libro |
| Classification part | 813 |
| Item part | C7218 |
| Withdrawn status | Lost status | Source of classification or shelving scheme | Damaged status | Not for loan | Collection code | Home library | Current library | Shelving location | Date acquired | Source of acquisition | Total Checkouts | Full call number | Barcode | Date last seen | Price effective from | Koha item type |
|---|---|---|---|---|---|---|---|---|---|---|---|---|---|---|---|---|
| Dewey Decimal Classification | General | Biblioteca Karol Wojtyla | Biblioteca Karol Wojtyla | Sala general | 03/12/2013 | Donación | 813 C7218 2017 | 49886 | 05/01/2026 | 03/12/2013 | Libro |